LEADER 01195nlm 2200325Ia 450 001 996422749103316 005 20210706094057.0 100 $a20090410d1688---- uy 0 101 0 $aeng 102 $aUK 135 $adrcnu 200 1 $a<> discovery of nevv worlds$efrom the French$fmade English by Mrs. A. Behn$gtogether with a preface by way of essay upon translated prose, wholly new 210 1 $aLondon$cPrinted for Will. Canning, at his shop in the Temple-Cloysters$d1688 215 $aTesto elettronico (PDF)([44], 158, [1] p.) 230 $aBase dati testuale 300 $aAttribuito a Fontenelle da Wing (2a ed.). 300 $aAnnuncio: pag. [1] alla fine. 300 $aRiproduzione dell'originale nella Library of Congress. 300 $aAltri autori di contributi: Behn, Aphra, 1640-1689. 517 3 $aDiscovery of new worlds 606 0 $aAstronomia$2BNCF 676 $a133.5 700 1$aFONTENELLE,$cM. de$g(Bernard Le Bovier),$f1657-1757.$0169138 701 1$aBEHN,$bAphra$f1640-1689.$0166001 801 0$bcba$aIT$bcba$gREICAT 912 $a996422749103316 959 $aEB 969 $aER 996 $aDiscovery of nevv worlds$91806880 997 $aUNISA LEADER 01871oam 2200469M 450 001 9910716495903321 005 20200213070912.1 035 $a(CKB)5470000002521182 035 $a(OCoLC)1065601573 035 $a(OCoLC)995470000002521182 035 $a(EXLCZ)995470000002521182 100 $a20071213d1927 ua 0 101 0 $aeng 135 $aurcn||||||||| 181 $ctxt$2rdacontent 182 $cc$2rdamedia 183 $acr$2rdacarrier 200 10$aPer capita payments to Indians of Cheyenne River Reservation, S. Dak. January 19, 1927. -- Committed to the Committee of the Whole House on the State of the Union and ordered to be printed 210 1$a[Washington, D.C.] :$c[U.S. Government Printing Office],$d1927. 215 $a1 online resource (3 pages) 225 1 $aHouse report / 69th Congress, 2nd session. House ;$vno. 1815 225 1 $a[United States congressional serial set] ;$v[serial no. 8688] 300 $aBatch processed record: Metadata reviewed, not verified. Some fields updated by batch processes. 300 $aFDLP item number not assigned. 606 $aFederal aid to Indians 606 $aIndian land transfers 606 $aIndian reservations 606 $aTribal trust funds 608 $aLegislative materials.$2lcgft 615 0$aFederal aid to Indians. 615 0$aIndian land transfers. 615 0$aIndian reservations. 615 0$aTribal trust funds. 701 $aWilliamson$b William$f1875-1972$pRepublican (SD)$01386808 801 0$bWYU 801 1$bWYU 801 2$bOCLCO 801 2$bOCLCQ 906 $aBOOK 912 $a9910716495903321 996 $aPer capita payments to Indians of Cheyenne River Reservation, S. Dak. January 19, 1927. -- Committed to the Committee of the Whole House on the State of the Union and ordered to be printed$93538571 997 $aUNINA LEADER 04357nam 2200949 450 001 9910818432203321 005 20230803202546.0 010 $a1-4008-5275-7 024 7 $a10.1515/9781400852758 035 $a(CKB)3710000000117129 035 $a(EBL)1689376 035 $a(OCoLC)881165593 035 $a(SSID)ssj0001227662 035 $a(PQKBManifestationID)11790744 035 $a(PQKBTitleCode)TC0001227662 035 $a(PQKBWorkID)11281920 035 $a(PQKB)10255510 035 $a(MiAaPQ)EBC1689376 035 $a(StDuBDS)EDZ0000977498 035 $a(DE-B1597)447457 035 $a(OCoLC)881286436 035 $a(OCoLC)979911043 035 $a(DE-B1597)9781400852758 035 $a(Au-PeEL)EBL1689376 035 $a(CaPaEBR)ebr10876760 035 $a(CaONFJC)MIL613648 035 $a(EXLCZ)993710000000117129 100 $a20140615h20142014 uy 0 101 0 $aeng 135 $aur|n#---|u||u 181 $ctxt 182 $cc 183 $acr 200 10$aMulti-parameter singular integrals /$fBrian Street 205 $aCourse Book 210 1$aPrinceton, New Jersey ;$aOxfordshire, England :$cPrinceton University Press,$d2014. 210 4$d©2014 215 $a1 online resource (412 p.) 225 1 $aAnnals of Mathematics Studies ;$vNumber 189 300 $aDescription based upon print version of record. 311 0 $a0-691-16251-4 320 $aIncludes bibliographical references and index. 327 $tFront matter --$tContents --$tPreface --$t1. The Calderón-Zygmund Theory I: Ellipticity --$t2. The Calderón-Zygmund Theory II: Maximal Hypoellipticity --$t3. Multi-parameter Carnot-Carathéodory Geometry --$t4. Multi-parameter Singular Integrals I: Examples --$t5. Multi-parameter Singular Integrals II: General Theory --$tAppendix A. Functional Analysis --$tAppendix B. Three Results from Calculus --$tAppendix C. Notation --$tBibliography --$tIndex 330 $aThis book develops a new theory of multi-parameter singular integrals associated with Carnot-Carathéodory balls. Brian Street first details the classical theory of Calderón-Zygmund singular integrals and applications to linear partial differential equations. He then outlines the theory of multi-parameter Carnot-Carathéodory geometry, where the main tool is a quantitative version of the classical theorem of Frobenius. Street then gives several examples of multi-parameter singular integrals arising naturally in various problems. The final chapter of the book develops a general theory of singular integrals that generalizes and unifies these examples. This is one of the first general theories of multi-parameter singular integrals that goes beyond the product theory of singular integrals and their analogs. Multi-parameter Singular Integrals will interest graduate students and researchers working in singular integrals and related fields. 410 0$aAnnals of mathematics studies ;$vNumber 189. 606 $aSingular integrals 606 $aTransformations (Mathematics) 610 $aCaldern?ygmund singular integrals. 610 $aCaldern?ygmund. 610 $aCarnot?arathodory balls. 610 $aCarnot?arathodory geometry. 610 $aCarnot?arathodory metric. 610 $aEuclidean singular integral operators. 610 $aFrobenius theorem. 610 $aFrobenius. 610 $aLittlewood?aley theory. 610 $aSchwartz space. 610 $aSobolev spaces. 610 $aconvolution. 610 $aelliptic partial differential equations. 610 $aelliptic partial differential operators. 610 $aflag kernels. 610 $ainvariant operators. 610 $alinear partial differential equation. 610 $anon-homogeneous kernels. 610 $apseudodifferential operators. 610 $asingular integral operator. 610 $asingular integral operators. 610 $asingular integrals. 610 $astrengthened cancellation. 615 0$aSingular integrals. 615 0$aTransformations (Mathematics) 676 $a515/.98 686 $aSI 830$2rvk 700 $aStreet$b Brian$0175382 801 0$bMiAaPQ 801 1$bMiAaPQ 801 2$bMiAaPQ 906 $aBOOK 912 $a9910818432203321 996 $aMulti-parameter singular integrals$94035043 997 $aUNINA